Pesando y midiendo
Đã lưu trong:
| Những tác giả chính: | , |
|---|---|
| Định dạng: | Sách |
| Ngôn ngữ: | Tiếng Tây Ban Nha |
| Được phát hành: |
Buenos Aires
Lumen
1990
|
| Loạt: | Mi primera Matemática
|
| Những chủ đề: | |
| Các nhãn: |
Thêm thẻ
Không có thẻ, Là người đầu tiên thẻ bản ghi này!
|
MARC
| LEADER | 00000nam a2200000 a 4500 | ||
|---|---|---|---|
| 001 | UCZ1333 | ||
| 003 | CL-VaPUC | ||
| 008 | 950817e19900000AG |||||||||||||||||spa|d | ||
| 082 | 0 | 4 | |a 372.7 |b THO |2 21 |
| 100 | 0 | |a Thomas, Annabel |e author |9 344880 | |
| 700 | |a Langdon, Nigel |e author |9 542567 | ||
| 245 | 1 | 0 | |a Pesando y midiendo |
| 300 | |a 32 p | ||
| 942 | |c BK | ||
| 945 | |d 19950817 00:00:00 |a rbrito | ||
| 260 | |a Buenos Aires |b Lumen |c 1990 | ||
| 650 | 0 | |a Matemáticas |x Enseñanza |9 875527 | |
| 650 | 7 | |a MEDICION DEL PESO |2 CL-VaPUC |9 344883 | |
| 650 | 0 | |a Matemática |9 260235 | |
| 583 | |a last modification |c 19950817 00:00:00 |k Rodrigo Vera | ||
| 490 | 0 | |a Mi primera Matemática | |
| 999 | |c 238090 |d 238088 | ||
| 952 | |0 0 |1 0 |4 0 |6 372_700000000000000_THO_1990 |7 0 |8 A |9 248080 |a BIBEDU |b BIBEDU |d 2019-11-18 |i 3118630 |o 372.7 THO 1990 |p 3118630 |r 2019-11-18 |w 2019-11-18 |y BK |k EPE | ||